Statistics for Countries with TGI Fridays

Click here to take the quiz!

General Stats

  • This quiz has been taken 34 times
  • The average score is 31 of 41

Answers on the Map

Answers color-coded by a green-red scale on the quiz's map according to % correct below.
 

Answer Stats

Answer% Correct
Australia
100%
Mexico
100%
United Kingdom
100%
United States
100%
Brazil
95%
Canada
95%
China
95%
India
95%
Russia
95%
Spain
95%
Japan
89%
Argentina
84%
Indonesia
84%
Ireland
84%
Peru
84%
Saudi Arabia
84%
United Arab Emirates
84%
Chile
79%
Panama
79%
Costa Rica
74%
Ecuador
74%
Egypt
74%
Malaysia
74%
Netherlands
74%
Philippines
74%
Greece
68%
Guatemala
68%
Honduras
68%
Nicaragua
68%
Qatar
68%
Sweden
68%
Dominican Republic
63%
Jamaica
63%
Kuwait
63%
Taiwan
63%
Bahrain
58%
Hungary
53%
Iceland
53%
Belarus
47%
Cyprus
47%
Azerbaijan
42%

Score Distribution

Percentile by Number Answered

Percent of People with Each Score

Your Score History

You have not taken this quiz